=LDR 00000nam 2200000 4500 =001 NUTBA000000000005173 =005 20141022151442.0 =006 =007 =008 =020 ##$$a 978-979-9331-13-7 =035 ##$$a 0010-101400000000403 =040 ##$$a NBPDMAT =090 ##$$a 92 ( Salim ) $b Sut h =100 ##$$a Sutrisno Kutoyo =245 ##$$a Haji Agus Salim/ $c Sutrisno Kutoyo, Mardanas Safwan =260 ##$$a Jakarta. : $b Mutiara Sumber Widya, $c 2010 =300 ##$$a vi, 62 hlm. : $b ilus. ; 20 cm. =500 ##$$a Bibilografi : hlm. 62 =650 ##$$a Salim, Agus, Haji 1884 - 1954 =700 ##$$a Mardanas Safwan =850 ##$$a NBPDMAT